| 000 | 00953cam a2200241 a 4500 | ||
|---|---|---|---|
| 001 | 000002338 | ||
| 005 | 20200929150203.0 | ||
| 008 | 070716s2006 sp b 001 0 spa d | ||
| 020 | _a8479089040 | ||
| 040 |
_aDO-SdBNP _cDLC |
||
| 082 |
_a985 _bL864h |
||
| 100 | 1 |
_aLópez Alfonso, Francisco José _97435 |
|
| 245 | 1 | 1 |
_a"Hablo, señores, de la libertad para todos" : _bLópez Albújar y el indigenismo en el Perú / _cFrancisco José López Alfonso ; prólogo de José Carlos Rovira. |
| 260 |
_aMurcia, España : _bUniversitat d'Alicant, _c2006. |
||
| 300 |
_a199 p. ; _c18 cm. |
||
| 440 | 0 |
_aCuadernos de América sin nombre ; _v17 _97436 |
|
| 500 | _aIncluye referencias bibliográficas y notas al pie de las páginas | ||
| 600 | 1 | 4 |
_aLÓPEZ ALBÚJAR, ENRIQUE, _d1872-1966 _xHISTORIA Y CRÍTICA _97437 |
| 650 | 4 |
_aIndígenas de perú _97438 |
|
| 700 | 1 |
_aRovira, José Carlos, _epról. _97439 |
|
| 910 | _aCatalogación por copia / LC | ||
| 910 | _aWM | ||
| 999 |
_c2183 _d2183 |
||